Online
Catalog

El New York City Ballet y la Orquesta Sinfónica Nacional. (Record no. 29503)

MARC details
000 -CABECERA
campo de control de longitud fija 00797nam a2200181 a 4500
001 - NÚMERO DE CONTROL
campo de control 000030011
005 - FECHA Y HORA DE LA ÚLTIMA TRANSACCIÓN
campo de control 20220321134734.0
008 - DATOS DE LONGITUD FIJA--INFORMACIÓN GENERAL
campo de control de longitud fija 110428s1977 000 spa d
040 ## - FUENTE DE LA CATALOGACIÓN
Centro catalogador/agencia de origen DO-SdBNP
Lengua de catalogación spa
Centro/agencia transcriptor BNPHU
082 ## - NÚMERO DE LA CLASIFICACIÓN DECIMAL DEWEY
Número de clasificación xxxx
Número de documento/Ítem N532
110 2# - ENTRADA PRINCIPAL--NOMBRE DE ENTIDAD CORPORATIVA
Nombre de entidad corporativa o nombre de jurisdicción como elemento de entrada New York City Ballet
9 (RLIN) 56728
245 13 - MENCIÓN DE TÍTULO
Título El New York City Ballet y la Orquesta Sinfónica Nacional.
260 ## - PUBLICACIÓN, DISTRIBUCIÓN, ETC.
Lugar de publicación, distribución, etc. Santo Domingo :
Nombre del editor, distribuidor, etc. Asociación Dominicana de Rehabilitación,
Fecha de publicación, distribución, etc. 1977.
300 ## - DESCRIPCIÓN FÍSICA
Extensión [10 p.] ;
Dimensiones 22 cm.
500 ## - NOTA GENERAL
Nota general Presentación del New York City Ballet y la Orquesta Sinfónica Nacional en el Teatro Nacional los día 16-19 de marzo de 1977 en Santo Domingo, República Dominicana
710 2# - PUNTO DE ACCESO ADICIONAL--NOMBRE DE ENTIDAD CORPORATIVA
Nombre de entidad corporativa o nombre de jurisdicción como elemento de entrada Orquesta Sinfonica Nacional (Santo Domingo, República Dominicana)
9 (RLIN) 56729
710 2# - PUNTO DE ACCESO ADICIONAL--NOMBRE DE ENTIDAD CORPORATIVA
Nombre de entidad corporativa o nombre de jurisdicción como elemento de entrada Asociación Dominicana de Rehabilitación
9 (RLIN) 32063
Holdings
Estado de retiro Estado de pérdida Restricciones de uso No para préstamo Código de colección Localización permanente Ubicación/localización actual Ubicación en estantería Fecha de adquisición Número de inventario Total de préstamos Signatura topográfica completa Código de barras Fecha visto por última vez Precio válido a partir de Tipo de ítem Koha
      Excluido de préstamo Monografías: Libros y Folletos Patrimonio Dominicano Patrimonio Dominicano En catalogación 28.04.2011 LF1   xxxx N532 30011-10 25.06.2020 25.06.2020 No se presta

Powered by Koha